[Event "22nd ch-EUR Indiv 2022"]
[Site "Terme Catez SLO"]
[Date "2022.04.06"]
[Round "11.78"]
[White "Sanikidze, Tornike"]
[Black "Blagojevic, Tijana"]
[Result "1-0"]
[WhiteTitle "GM"]
[BlackTitle "WIM"]
[WhiteElo "2439"]
[BlackElo "2260"]
[WhiteFideId "13602608"]
[BlackFideId "16500270"]
[EventDate "2022.03.27"]

1. e4 e5 2. Nf3 Nc6 3. Bc4 d6 4. d4 Nf6 5. Ng5 d5 6. exd5 Nxd4 7. d6 Qxd6 8.
Bxf7+ Ke7 9. c3 h6 10. cxd4 hxg5 11. Bb3 Qxd4 12. Qxd4 exd4 13. O-O Bf5 14. Nd2
Kd8 15. Nc4 Rh5 16. Re1 c6 17. h3 g4 18. hxg4 Bxg4 19. Bf4 Bb4 20. Re5 b5 21.
Rxh5 Bxh5 22. Ne5 Be8 23. Rd1 c5 24. Nd3 a5 25. a3 c4 26. axb4 cxb3 27. bxa5
Rxa5 28. Nc5 Ra2 29. Rxd4+ Ke7 30. Bd6+ Kf7 31. Rd2 Bc6 32. f3 Bd5 33. Be5 Ra1+
34. Kh2 Rc1 35. Nd3 Rc2 36. Bc3 Bc4 37. Nb4 Rxd2 38. Bxd2 Nd5 39. Nc6 Nb6 40.
Be3 Nd5 41. Bd2 Nb6 42. Be3 Nd5 43. Bd4 Nf4 44. Ne5+ Ke6 45. Ng4 g6 46. g3 Nd3
47. Kg2 Bd5 48. Nh2 Bc6 49. Kf1 Nb4 50. Ke2 Kf5 51. Bg7 Bd5 52. Ng4 Bc4+ 53. Kd2
Nd5 54. Ne5 Ke6 55. Bh8 Kf5 56. Nc6 Ke6 57. g4 Kf7 58. Bd4 Kg8 59. Ne5 Kh7 60.
g5 Bf1 61. Ke1 Bg2 62. Ke2 Bh3 63. Nd3 Bf5 64. Nc5 Bc2 65. Be5 Ne7 66. Kd2 Kg8
67. Bd6 Nf5 68. Be5 Nh4 69. f4 Kf7 70. Kc3 Ke7 71. Kb4 Nf3 72. Kxb5 Ne1 73. Kc4
Nf3 74. Nxb3 Ke6 75. Nc5+ Kf5 76. Bc7 Kg4 77. b4 Bf5 78. b5 Bc8 79. Kd5 Kf5 80.
b6 Nh4 81. Be5 Ng2 82. Kc6 Ne3 83. Kd6 Kg4 84. Kc7 Nd5+ 85. Kxc8 Nxb6+ 86. Kd8
Kf5 87. Ke7 Nc4 88. Kf7 Nd2 89. Ne6 1-0

[Event "22nd ch-EUR Indiv 2022"]
[Site "Terme Catez SLO"]
[Date "2022.04.06"]
[Round "11.79"]
[White "Taichman, Ori"]
[Black "Globus, Or"]
[Result "0-1"]
[WhiteTitle "FM"]
[BlackTitle "FM"]
[WhiteElo "2297"]
[BlackElo "2414"]
[WhiteFideId "2804069"]
[BlackFideId "2816776"]
[EventDate "2022.03.27"]

1. e4 e5 2. Nf3 Nc6 3. Bb5 a6 4. Bxc6 dxc6 5. O-O Bd6 6. d4 exd4 7. Qxd4 f6 8.
Be3 Ne7 9. Nbd2 Be6 10. Rad1 Ng6 11. Nc4 Bxc4 12. Qxc4 Qe7 13. Nd4 Qxe4 14. Bh6
O-O-O 15. Bxg7 Rhe8 16. Qd3 Qxd3 17. Rxd3 Be5 18. Nf5 Rxd3 19. cxd3 Bxb2 20. d4
Nf4 21. g4 Nd5 22. h4 Kd7 23. h5 Bxd4 24. Nxd4 Re4 25. f4 Rxd4 26. g5 Ke6 27. g6
hxg6 28. h6 Kf7 29. Rf3 Nxf4 30. Rb3 b6 31. Kf2 Nh5 32. Rh3 Rd8 33. Re3 Nxg7 34.
hxg7 Kxg7 35. Re7+ Kh6 36. Rxc7 Rd6 37. a4 a5 38. Rb7 c5 39. Kf3 Kg5 40. Ke4
Rd4+ 41. Ke3 Rb4 42. Rb8 Kg4 43. Rb7 g5 0-1

[Event "22nd ch-EUR Indiv 2022"]
[Site "Terme Catez SLO"]
[Date "2022.04.06"]
[Round "11.80"]
[White "Prokofiev, Valentyn"]
[Black "Damjanovic, Vuk"]
[Result "1-0"]
[BlackTitle "FM"]
[WhiteElo "2287"]
[BlackElo "2409"]
[WhiteFideId "14160161"]
[BlackFideId "980021"]
[EventDate "2022.03.27"]

1. d4 g6 2. c4 Bg7 3. Nc3 c5 4. d5 d6 5. e4 Bxc3+ 6. bxc3 e5 7. dxe6 Bxe6 8. Bd3
Nf6 9. Ne2 Nh5 10. O-O Nc6 11. f4 Bg4 12. Qe1 Qe7 13. h3 Bxe2 14. Bxe2 Ng7 15.
Bf3 O-O 16. e5 f5 17. Bd5+ Kh8 18. Bxc6 bxc6 19. exd6 Qxd6 20. Ba3 Rad8 21. Qe3
Rfe8 22. Qxc5 Qxc5+ 23. Bxc5 Rd7 24. Rfd1 Red8 25. Rxd7 Rxd7 26. Bd4 Kg8 27. Rb1
Ne6 28. Rb8+ Kf7 29. Be5 Nc5 30. Rh8 h5 31. Rc8 Nd3 32. Rxc6 Nxe5 33. fxe5 Rd3
34. Rf6+ Kg7 35. Ra6 Rxc3 36. Rxa7+ Kf8 37. e6 Rxc4 38. e7+ Kf7 39. a4 h4 40. a5
Ra4 41. a6 Ra1+ 42. Kh2 g5 43. Ra8 Kxe7 44. a7 Kf6 45. Rf8+ Ke5 46. a8=Q Rxa8
47. Rxa8 Kd5 1-0

[Event "22nd ch-EUR Indiv 2022"]
[Site "Terme Catez SLO"]
[Date "2022.04.06"]
[Round "11.81"]
[White "Papadiamandis, Elliot"]
[Black "Gajcin, Marina"]
[Result "1-0"]
[WhiteTitle "FM"]
[BlackTitle "WIM"]
[WhiteElo "2406"]
[BlackElo "2254"]
[WhiteFideId "36074160"]
[BlackFideId "949086"]
[EventDate "2022.03.27"]

1. Nf3 c5 2. c4 Nc6 3. d4 cxd4 4. Nxd4 e6 5. Nc3 a6 6. Nc2 Nf6 7. e4 d6 8. Be2
Be7 9. O-O O-O 10. Be3 Qc7 11. Qd2 Ne5 12. b3 b6 13. Rac1 Bb7 14. f3 Rad8 15.
Na4 Ned7 16. Rfd1 Nc5 17. Nc3 d5 18. cxd5 exd5 19. Bf4 Qc8 20. e5 Ne8 21. Nd4
Qd7 22. b4 Ne6 23. a3 g6 24. Be3 N8g7 25. f4 Nxd4 26. Bxd4 b5 27. Bf3 Nf5 28.
Ne2 Nh4 29. Qe3 Rc8 30. Bc5 Bxc5 31. bxc5 Nxf3+ 32. Qxf3 d4 33. Qg3 Qe7 34. Nxd4
Rxc5 35. Nf5 Qc7 36. Qe3 Rxc1 37. Rxc1 Qd7 38. Nd6 Bd5 39. f5 f6 40. Qd4 Ba2 41.
e6 Qe7 42. Nc8 Qb7 43. e7 Re8 44. fxg6 hxg6 45. Nd6 Qxe7 46. Nxe8 Qxe8 47. h3
Bc4 48. Rc3 Kg7 49. Re3 Qc6 50. Qf4 a5 51. Re7+ Bf7 52. Qc7 Qd5 53. Rd7 Qe6 54.
Re7 Qd5 55. Qb6 Qc4 56. Rc7 Qb3 57. Qxa5 Qd1+ 58. Kh2 Qd6+ 59. g3 Qe5 60. Rc2
Qe4 61. Qc7 Qf3 62. Qc3 Qe4 63. Rf2 Qe6 64. Qd4 Be8 65. g4 g5 66. h4 gxh4 67. g5
Qe5+ 68. Qxe5 fxe5 69. Kh3 e4 70. Kxh4 Bf7 71. Re2 Bd5 72. Kg4 Kg6 73. Kf4 Bb7
74. Rd2 Ba8 75. Rd6+ Kg7 76. Rb6 1-0

[Event "22nd ch-EUR Indiv 2022"]
[Site "Terme Catez SLO"]
[Date "2022.04.06"]
[Round "11.82"]
[White "Zadravec, Matija"]
[Black "Sarrau, Jelle"]
[Result "1/2-1/2"]
[BlackTitle "FM"]
[WhiteElo "2239"]
[BlackElo "2401"]
[WhiteFideId "14533413"]
[BlackFideId "207608"]
[EventDate "2022.03.27"]

1. d4 e6 2. Nf3 d5 3. Bf4 Bd6 4. Bg3 Nf6 5. e3 O-O 6. Nbd2 b6 7. c3 Bb7 8. Bd3
Ne4 9. Bxd6 cxd6 10. O-O Nd7 11. Ne1 Qg5 12. Qe2 f5 13. f3 Nxd2 14. Qxd2 Nf6 15.
a4 a5 16. Nc2 Nh5 17. f4 Qe7 18. Na3 Nf6 19. Nb5 Kh8 20. Qf2 Ne4 21. Bxe4 dxe4
22. c4 Ba6 23. Rfc1 Rac8 24. b3 d5 25. cxd5 exd5 26. Qd2 g6 1/2-1/2

[Event "22nd ch-EUR Indiv 2022"]
[Site "Terme Catez SLO"]
[Date "2022.04.06"]
[Round "11.83"]
[White "Marn, Jan"]
[Black "Golubovic, Boris"]
[Result "1-0"]
[WhiteTitle "FM"]
[BlackTitle "IM"]
[WhiteElo "2232"]
[BlackElo "2393"]
[WhiteFideId "14619245"]
[BlackFideId "14502160"]
[EventDate "2022.03.27"]

1. d4 d5 2. c4 c6 3. Nf3 Nf6 4. Qb3 dxc4 5. Qxc4 Bf5 6. g3 e6 7. Bg2 Nbd7 8. O-O
Be7 9. Nc3 O-O 10. Qb3 Qb6 11. Re1 Ne4 12. Nh4 Bxh4 13. Nxe4 Be7 14. Qxb6 axb6
15. Nc3 b5 16. e4 Bg6 17. d5 Nc5 18. Be3 b4 19. Bxc5 Bxc5 20. Ne2 cxd5 21. exd5
e5 22. Nc1 Bd6 23. Nb3 Rfc8 24. Rec1 Kf8 25. Rxc8+ Rxc8 26. Na5 Rc7 27. a4 Ke7
28. b3 Rc3 29. Bf1 b6 30. Nc6+ Kf6 31. a5 bxa5 32. Nxa5 Bc5 33. Nb7 Bc2 34. Bc4
Bd4 35. Ra6+ Kf5 36. Nd6+ Kg4 37. Be2+ Kh3 38. Nxf7 h6 39. Nxh6 1-0

[Event "22nd ch-EUR Indiv 2022"]
[Site "Terme Catez SLO"]
[Date "2022.04.06"]
[Round "11.84"]
[White "Bukal, Vladimir Jr."]
[Black "Redzisz, Michal"]
[Result "0-1"]
[WhiteTitle "IM"]
[BlackTitle "FM"]
[WhiteElo "2391"]
[BlackElo "2223"]
[WhiteFideId "14502941"]
[BlackFideId "21816107"]
[EventDate "2022.03.27"]

1. d4 Nf6 2. Nf3 d5 3. Bf4 g6 4. e3 Bg7 5. h3 O-O 6. Nbd2 Nbd7 7. Be2 c5 8. c3
b6 9. O-O Bb7 10. a4 a6 11. Qb1 Ne8 12. b4 c4 13. e4 b5 14. Bd1 Nc7 15. e5 bxa4
16. Rxa4 Bc6 17. Ra5 Bb5 18. h4 Ne6 19. Be3 f5 20. exf6 exf6 21. Re1 Re8 22. g3
f5 23. h5 Qf6 24. hxg6 hxg6 25. Nf1 g5 26. N1h2 Rf8 27. Bd2 Rae8 28. Ba4 Bxa4
29. Rxa4 g4 30. Ne5 Nxe5 31. dxe5 Qf7 32. Rxa6 Qc7 33. f4 d4 34. Rxe6 Rxe6 35.
cxd4 c3 36. Rc1 Rc6 37. Qb3+ Kh7 38. d5 cxd2 39. Rxc6 Qa7+ 40. Kg2 Qd4 0-1

[Event "22nd ch-EUR Indiv 2022"]
[Site "Terme Catez SLO"]
[Date "2022.04.06"]
[Round "11.85"]
[White "Nareks, Matic"]
[Black "Koelle, Tobias"]
[Result "0-1"]
[WhiteTitle "CM"]
[BlackTitle "FM"]
[WhiteElo "2202"]
[BlackElo "2378"]
[WhiteFideId "14629526"]
[BlackFideId "16207378"]
[EventDate "2022.03.27"]

1. e4 c5 2. Nf3 d6 3. d4 cxd4 4. Nxd4 Nf6 5. Nc3 a6 6. h3 e5 7. Nb3 Be7 8. Be3
Be6 9. Qf3 O-O 10. O-O-O b5 11. g4 b4 12. Nd5 a5 13. Kb1 Nxd5 14. exd5 Bc8 15.
Bd3 Ba6 16. Be4 Nd7 17. g5 a4 18. Nc1 Qc7 19. h4 a3 20. h5 f5 21. Bxf5 axb2 22.
Nb3 Bc4 23. Bxh7+ Kxh7 24. Qe4+ Kh8 25. h6 g6 26. Qxg6 Rg8 27. Qf7 Bxb3 28. cxb3
Rxa2 29. Qxg8+ Kxg8 30. Kxa2 Qa5+ 31. Kb1 Qa1+ 32. Kc2 b1=Q+ 33. Rxb1 Qc3+ 34.
Kd1 Qd3+ 35. Kc1 Kh7 36. Kb2 Nc5 37. Ka2 Bxg5 38. Bxg5 Ne4 39. Rbc1 Qe2+ 40. Ka1
Nc3 41. Rxc3 bxc3 42. Bc1 Qc2 43. Rg1 Kh8 44. Rh1 Qxb3 45. Rh4 c2 46. Bb2 Qc3 0-1

[Event "22nd ch-EUR Indiv 2022"]
[Site "Terme Catez SLO"]
[Date "2022.04.06"]
[Round "11.86"]
[White "Gombocz, Ferenc Jr."]
[Black "Tomazini, Zan"]
[Result "1-0"]
[WhiteTitle "FM"]
[BlackTitle "IM"]
[WhiteElo "2188"]
[BlackElo "2376"]
[WhiteFideId "775029"]
[BlackFideId "14608162"]
[EventDate "2022.03.27"]

1. d4 Nf6 2. Nf3 g6 3. Nc3 d6 4. e4 Bg7 5. Be3 Nc6 6. Qd2 Bg4 7. h3 Bxf3 8. gxf3
O-O 9. O-O-O e6 10. Bh6 Nh5 11. Bxg7 Kxg7 12. d5 Ne7 13. f4 exd5 14. Be2 Nf6 15.
e5 dxe5 16. fxe5 Nd7 17. Nxd5 Nxd5 18. Qxd5 Qg5+ 19. Kb1 Nxe5 20. Qxb7 Qf4 21.
Qd5 Rfd8 22. Qc5 c6 23. b3 Nf3 24. Bxf3 Qxf3 25. Kc1 Rxd1+ 26. Rxd1 Qxh3 27.
Qxc6 Rc8 28. Qd7 Qc3 29. Qd4+ Qxd4 30. Rxd4 g5 31. c4 h5 32. Kd2 h4 33. Ke2 Kg6
34. Kf1 a5 35. Kg2 Rc6 36. Rd5 a4 37. c5 axb3 38. axb3 f5 39. b4 Kf6 40. b5 Rc8
41. b6 g4 42. b7 h3+ 43. Kh2 Rh8 44. c6 f4 45. c7 g3+ 46. fxg3 fxg3+ 47. Kxg3 h2
48. Rd1 1-0

[Event "22nd ch-EUR Indiv 2022"]
[Site "Terme Catez SLO"]
[Date "2022.04.06"]
[Round "11.87"]
[White "Roseneck, Jonas"]
[Black "Fishchuk, Vladyslav"]
[Result "1-0"]
[WhiteTitle "FM"]
[WhiteElo "2376"]
[BlackElo "1760"]
[WhiteFideId "12939870"]
[BlackFideId "34122117"]
[EventDate "2022.03.27"]

1. e4 c5 2. Nc3 Nc6 3. Bb5 Nd4 4. Nf3 e6 5. O-O a6 6. Bd3 Ne7 7. Nxd4 cxd4 8.
Ne2 Nc6 9. c3 Bc5 10. b4 Bb6 11. cxd4 Nxd4 12. Bb2 e5 13. Bxd4 exd4 14. Bc4 Qg5
15. d3 O-O 16. Rc1 d6 17. f4 Qe7 18. f5 d5 19. Bxd5 Qxb4 20. f6 g6 21. Rb1 Qd6
22. Rxb6 Qxb6 23. Qd2 Kh8 24. Qh6 Rg8 25. Bxf7 Be6 26. Bxg8 Rxg8 27. f7 Bxf7 28.
Rxf7 Qb1+ 29. Kf2 1-0

[Event "22nd ch-EUR Indiv 2022"]
[Site "Terme Catez SLO"]
[Date "2022.04.06"]
[Round "11.88"]
[White "Krzywda, Andrzej"]
[Black "Risteski, Emil"]
[Result "1/2-1/2"]
[WhiteTitle "CM"]
[BlackTitle "FM"]
[WhiteElo "2152"]
[BlackElo "2374"]
[WhiteFideId "1114565"]
[BlackFideId "15005267"]
[EventDate "2022.03.27"]

1. e4 c5 2. Nc3 Nc6 3. Bb5 Nd4 4. Nf3 e6 5. O-O a6 6. Bd3 Nc6 7. b3 d6 8. Bb2
Nf6 9. Re1 Nd7 10. Nb1 Nde5 11. Bf1 Be7 12. Nxe5 dxe5 13. a4 O-O 14. Na3 Qc7 15.
Nc4 b6 16. Qh5 f6 17. Re3 Rf7 18. Rg3 Bf8 1/2-1/2

[Event "22nd ch-EUR Indiv 2022"]
[Site "Terme Catez SLO"]
[Date "2022.04.06"]
[Round "11.89"]
[White "Dordzhieva, Dinara"]
[Black "Hovhannisyan, Robert"]
[Result "0-1"]
[WhiteTitle "WGM"]
[BlackTitle "GM"]
[WhiteElo "2325"]
[BlackElo "2643"]
[WhiteFideId "24157570"]
[BlackFideId "13302507"]
[EventDate "2022.03.27"]

1. d4 d5 2. c4 c6 3. Nf3 Nf6 4. g3 Bf5 5. Nc3 e6 6. Nh4 Be4 7. f3 Bg6 8. Qb3 Qb6
9. c5 Qxb3 10. axb3 Bc2 11. b4 h6 12. b5 Be7 13. Ng2 O-O 14. b6 Na6 15. bxa7
Rxa7 16. Kf2 Rfa8 17. Ne1 Bh7 18. e3 Nb4 19. Rxa7 Rxa7 20. Bd2 Ra1 21. Rg1 b6
22. cxb6 Nd7 23. b7 Ra7 24. Be2 Rxb7 25. Na4 c5 26. Nxc5 Nxc5 27. dxc5 Bxc5 28.
Bc3 Na2 29. Nd3 Nxc3 30. bxc3 Ba3 31. Nf4 Rb3 32. Ra1 Rxc3 33. Bb5 Rb3 34. Be2
g5 35. Nh5 Bg6 36. f4 Bc5 37. Ra8+ Kh7 38. Nf6+ Kg7 39. Ne8+ Kf8 40. Nf6+ Ke7
41. Ng8+ Kd6 0-1

[Event "22nd ch-EUR Indiv 2022"]
[Site "Terme Catez SLO"]
[Date "2022.04.06"]
[Round "11.90"]
[White "David, Alberto"]
[Black "Kanyamarala, Tarun"]
[Result "1/2-1/2"]
[WhiteTitle "GM"]
[BlackTitle "FM"]
[WhiteElo "2545"]
[BlackElo "2325"]
[WhiteFideId "4000013"]
[BlackFideId "45004714"]
[EventDate "2022.03.27"]

1. e4 c5 2. Nf3 Nc6 3. Bb5 g6 4. O-O Bg7 5. c3 e5 6. d4 cxd4 7. cxd4 exd4 8. Bf4
a6 9. Ba4 Nge7 10. Bd6 b5 11. Bb3 Bb7 12. Qc1 Nc8 13. Bf4 O-O 14. Bg5 Qb6 15.
Bh6 Nd6 16. Bxg7 Kxg7 17. Qf4 Na5 18. Bd5 Rae8 19. Bxb7 Naxb7 20. Nbd2 f6 21. b4
Nd8 22. Rac1 Ne6 23. Qg3 Kf7 24. e5 Nf5 25. Qg4 d5 26. exf6 Kxf6 27. Nh4 Nxh4
28. Qxh4+ Kg7 29. Rfe1 Qd6 30. Nf3 Qxb4 31. Qg3 Rf5 32. a3 Qf8 33. Rxe6 Rxe6 34.
Nxd4 Re7 35. Nxf5+ Qxf5 36. h3 Qe5 37. Qb3 Rd7 38. a4 d4 39. axb5 Qxb5 40. Qe6
d3 41. Rc8 d2 42. Qg8+ Kh6 43. Qf8+ Rg7 44. Qf4+ Qg5 45. Qxg5+ Kxg5 46. Rd8 Ra7
47. Rxd2 a5 48. Rd3 a4 49. Ra3 Kf4 50. Kf1 Ke4 51. Ke2 Kd4 52. Kd2 Kc4 53. Kc2
Kb4 54. Re3 Rc7+ 55. Kb2 Rd7 56. Re4+ Kb5 57. Kc3 Rc7+ 58. Kb2 Ka5 59. h4 Rb7+
60. Ka3 Rb3+ 61. Ka2 Rd3 62. Rf4 Rd2+ 63. Ka3 Rd3+ 64. Ka2 1/2-1/2

[Event "22nd ch-EUR Indiv 2022"]
[Site "Terme Catez SLO"]
[Date "2022.04.06"]
[Round "11.91"]
[White "Deuer, Marius"]
[Black "Blomqvist, Erik"]
[Result "1-0"]
[WhiteTitle "FM"]
[BlackTitle "GM"]
[WhiteElo "2304"]
[BlackElo "2542"]
[WhiteFideId "16236432"]
[BlackFideId "1709437"]
[EventDate "2022.03.27"]

1. d4 Nf6 2. c4 e6 3. Nc3 Bb4 4. e3 O-O 5. Ne2 Re8 6. a3 Bf8 7. Ng3 d5 8. Be2 b6
9. O-O Ba6 10. b3 c5 11. cxd5 exd5 12. Bb2 g6 13. Bxa6 Nxa6 14. Qd3 Nc7 15. dxc5
bxc5 16. Rac1 Ng4 17. Na4 Qh4 18. h3 Nxf2 19. Rxf2 Qxg3 20. Rf3 Qh4 21. Nxc5
Rad8 22. Bf6 Qh5 23. Bxd8 Rxd8 24. Qd4 Ne8 25. Qf4 Nd6 26. Nb7 Bh6 27. Qb4 Nxb7
28. Qxb7 Qxf3 29. gxf3 Bxe3+ 30. Kf1 Bxc1 31. Qxa7 d4 32. Qc7 Bg5 33. f4 Bf6 34.
Ke2 Re8+ 35. Kd2 Re3 36. a4 Rxb3 37. a5 Rb2+ 38. Kc1 d3 39. a6 Kg7 40. a7 Ra2
41. Qb8 Bc3 42. a8=Q 1-0

[Event "22nd ch-EUR Indiv 2022"]
[Site "Terme Catez SLO"]
[Date "2022.04.06"]
[Round "11.92"]
[White "Firat, Burak"]
[Black "Stremavicius, Pijus"]
[Result "1/2-1/2"]
[WhiteTitle "GM"]
[BlackTitle "FM"]
[WhiteElo "2487"]
[BlackElo "2320"]
[WhiteFideId "6305881"]
[BlackFideId "12812730"]
[EventDate "2022.03.27"]

1. c4 e5 2. d3 g6 3. Nc3 Bg7 4. g3 Nc6 5. Bg2 d6 6. h4 h6 7. e4 Nge7 8. h5 g5 9.
f4 exf4 10. gxf4 gxf4 11. Bxf4 Be5 12. Bxe5 dxe5 13. Qd2 Bg4 14. Nge2 Qd6 15.
O-O-O O-O-O 16. Bh3 Bxh3 17. Rxh3 f5 18. exf5 Nxf5 19. Ne4 1/2-1/2

[Event "22nd ch-EUR Indiv 2022"]
[Site "Terme Catez SLO"]
[Date "2022.04.06"]
[Round "11.93"]
[White "Mitev, Valentin"]
[Black "Sousa, Andre Ventura"]
[Result "1/2-1/2"]
[WhiteTitle "FM"]
[BlackTitle "IM"]
[WhiteElo "2255"]
[BlackElo "2429"]
[WhiteFideId "2921707"]
[BlackFideId "1917617"]
[EventDate "2022.03.27"]

1. d4 Nf6 2. c4 e6 3. Nc3 Bb4 4. e3 O-O 5. Bd3 d5 6. a3 Bxc3+ 7. bxc3 c6 8. Nf3
b6 9. a4 Ba6 10. cxd5 Bxd3 11. Qxd3 cxd5 12. Ba3 Re8 13. O-O Nc6 14. c4 dxc4 15.
Qxc4 Na5 16. Qb5 a6 17. Qe2 Qd5 18. Nd2 Ne4 19. Nxe4 Qxe4 20. Bb2 h6 21. Rac1
Reb8 22. Bc3 Nc6 23. Rfd1 Ne7 24. f3 Qb7 25. e4 b5 26. Rb1 Qc7 27. Be1 Qd7 28.
axb5 Rxb5 29. Rxb5 axb5 30. Qb2 Ra4 31. Bc3 f6 32. h4 Qc6 33. Rb1 Rc4 34. Be1
Ng6 35. Bg3 b4 36. h5 Ne7 37. Be1 Qb6 38. Bxb4 Rxd4 39. Kh2 Nc6 40. Be1 Qxb2 41.
Rxb2 Rd7 42. Rb6 Nd4 43. Bf2 e5 44. Bxd4 Rxd4 1/2-1/2

[Event "22nd ch-EUR Indiv 2022"]
[Site "Terme Catez SLO"]
[Date "2022.04.06"]
[Round "11.94"]
[White "Injac, Teodora"]
[Black "Stevanic, David"]
[Result "1/2-1/2"]
[WhiteTitle "WGM"]
[BlackTitle "FM"]
[WhiteElo "2407"]
[BlackElo "2306"]
[WhiteFideId "932400"]
[BlackFideId "14613921"]
[EventDate "2022.03.27"]

1. d4 Nf6 2. c4 g6 3. Nf3 Bg7 4. g3 d6 5. Bg2 O-O 6. O-O Nbd7 7. Nc3 e5 8. h3
Re8 9. e4 exd4 10. Nxd4 Nc5 11. Re1 a5 12. Qc2 c6 13. Be3 a4 14. Rad1 Qa5 15.
Bf4 Rd8 16. b3 Nh5 17. Be3 axb3 18. axb3 Re8 19. g4 Nf6 20. Rb1 Qb4 21. Bd2 Qb6
22. Nde2 Ne6 23. Be3 Qb4 24. Na4 Nd7 25. Red1 Nec5 26. Bd2 Qa3 27. Nac3 Ne5 28.
Be3 h5 29. gxh5 gxh5 30. Kh1 Ng6 31. b4 Na4 32. Rb3 Nxc3 33. Nxc3 Qa6 34. Bf1
Be6 35. b5 Qa5 36. f4 d5 37. exd5 cxd5 38. Nxd5 Bxd5+ 39. Rxd5 Qe1 40. Rd1 Rxe3
41. Rxe1 Rxe1 42. Rb1 Rxb1 43. Qxb1 Ra1 44. Qd3 Nxf4 45. Qf3 Be5 46. c5 Rc1 47.
c6 bxc6 48. bxc6 Kg7 49. h4 Ng6 50. Kg1 1/2-1/2

[Event "22nd ch-EUR Indiv 2022"]
[Site "Terme Catez SLO"]
[Date "2022.04.06"]
[Round "11.95"]
[White "Bilovil, Bogdan"]
[Black "Barp, Alberto"]
[Result "1-0"]
[BlackTitle "IM"]
[WhiteElo "2272"]
[BlackElo "2388"]
[WhiteFideId "14168766"]
[BlackFideId "872555"]
[EventDate "2022.03.27"]

1. e4 e5 2. Nf3 Nc6 3. Bb5 a6 4. Ba4 d6 5. c3 Bd7 6. d4 g6 7. O-O Bg7 8. Bg5 f6
9. Be3 Nh6 10. dxe5 dxe5 11. h3 Nf7 12. c4 O-O 13. Nc3 Be6 14. Bc5 Nd6 15. Nd5
Nxe4 16. Bxf8 Bxf8 17. Qe2 Nc5 18. Bxc6 bxc6 19. Nc3 Bf5 20. Rad1 Qe7 21. Qe3
Qf7 22. b3 g5 23. Rd2 Ne6 24. Ne4 Qg6 25. Ng3 Bc5 26. Qc3 a5 27. a3 Bxa3 28. Ra1
Bf8 29. Rxa5 Rxa5 30. Qxa5 c5 31. Qa8 e4 32. Qd5 exf3 33. Nxf5 Qf7 34. Qxf3 Nf4
35. Rd8 Qe6 36. Qa8 Qe1+ 37. Kh2 Ne6 38. Re8 Qxf2 39. Qd5 Qf4+ 40. Ng3 1-0

[Event "22nd ch-EUR Indiv 2022"]
[Site "Terme Catez SLO"]
[Date "2022.04.06"]
[Round "11.96"]
[White "Katkov, Michelle"]
[Black "Ceres, Dragos"]
[Result "0-1"]
[WhiteTitle "WFM"]
[BlackTitle "FM"]
[WhiteElo "2149"]
[BlackElo "2385"]
[WhiteFideId "2816393"]
[BlackFideId "13905864"]
[EventDate "2022.03.27"]

1. e4 c5 2. c3 Nf6 3. e5 Nd5 4. d4 cxd4 5. cxd4 d6 6. Nf3 Nc6 7. Bc4 Nb6 8. Bb5
dxe5 9. Nxe5 Bd7 10. Nxd7 Qxd7 11. Nc3 e6 12. O-O a6 13. Bxc6 Qxc6 14. Re1 Be7
15. Bf4 O-O 16. d5 Qd7 17. dxe6 fxe6 18. Qxd7 Nxd7 19. Rxe6 Bf6 20. Bd6 Rfe8 21.
Rae1 Rxe6 22. Rxe6 Rc8 23. Re3 Nb6 24. Bf4 Nd5 25. Re4 Nxf4 26. Rxf4 Bxc3 27.
bxc3 Rxc3 28. h4 Ra3 29. Rb4 b5 30. Rb2 h5 31. g3 Kf7 32. Re2 a5 33. Kg2 Kf6 34.
Kh3 b4 35. Kg2 Kf5 36. Kh3 Rc3 37. Kg2 g6 38. Kh3 a4 39. Re8 b3 40. axb3 axb3
41. Kg2 b2 42. Rb8 Rc2 43. Kf3 Ke5 44. Ke3 Kd5 45. Kf4 Rxf2+ 46. Kg5 Kc4 47.
Kxg6 Rd2 48. Rc8+ Kb5 49. Rb8+ Kc5 50. Rc8+ Kb6 51. Rb8+ Kc7 52. Rb3 Rd6+ 53.
Kxh5 Rb6 54. Rxb2 Rxb2 55. Kg6 Rg2 56. h5 Rxg3+ 57. Kf7 Rh3 58. Kg6 Kd7 59. h6
Ke7 60. Kg7 Rg3+ 61. Kh8 Kf7 62. h7 Kg6 63. Kg8 Ra3 64. h8=N+ Kf6 65. Kh7 Rg3 0-1

[Event "22nd ch-EUR Indiv 2022"]
[Site "Terme Catez SLO"]
[Date "2022.04.06"]
[Round "11.97"]
[White "Novosel, Lovro"]
[Black "Ohanyan, Emin"]
[Result "1-0"]
[BlackTitle "IM"]
[WhiteElo "2099"]
[BlackElo "2379"]
[WhiteFideId "14547120"]
[BlackFideId "13312022"]
[EventDate "2022.03.27"]

1. Nf3 c5 2. g3 Nc6 3. d4 cxd4 4. Nxd4 g6 5. c4 Bg7 6. Nc2 Nf6 7. Bg2 O-O 8. O-O
d6 9. Nc3 Qa5 10. Ne3 Qh5 11. h4 Bg4 12. Nxg4 Qxg4 13. Bf4 Qe6 14. Nd5 Rac8 15.
Rc1 Ne4 16. b3 f5 17. Be3 Rfd8 18. Nf4 Qf7 19. Qd5 Nb4 20. Qxb7 Nxa2 21. Bxe4
fxe4 22. Rc2 Rb8 23. Qxa7 Nb4 24. Rd2 Nc6 25. Qa2 Ne5 26. Bd4 h6 27. Qc2 g5 28.
Ng2 Qg6 29. Qc3 Bf6 30. Rfd1 Rf8 31. hxg5 hxg5 32. Ne3 Kf7 33. Kg2 Rh8 34. Rg1
Qh7 35. Kf1 Qh3+ 36. Ke1 Qe6 37. Nd5 Bg7 38. Qe3 Qg6 39. c5 Rhc8 40. Bxe5 Bxe5
41. f4 exf3 42. Qxf3+ Ke8 43. cxd6 exd6 44. Rd3 g4 45. Qe3 Ra8 46. Kf2 Ra2 47.
Nf4 Qf6 48. Rc1 Rxc1 49. Qxc1 Kd7 50. Qc4 Bxf4 51. Qxf4 Qxf4+ 52. gxf4 Ke6 53.
Kg3 Rxe2 54. Kxg4 Re4 55. Kg5 Rb4 56. Rc3 Kf7 57. Rc7+ Kg8 58. Kg6 Kf8 59. f5
Rxb3 60. Rc8+ Ke7 61. f6+ Kd7 62. f7 Rg3+ 63. Kh5 Kxc8 64. f8=Q+ Kd7 65. Qf5+
Ke7 66. Kh4 Rg7 67. Qe4+ Kf7 68. Qd5+ Ke7 69. Qb7+ Kf6 70. Qb2+ Kf7 71. Qb3+ Ke7
72. Qe3+ Kf7 73. Qa7+ Kg6 74. Qd4 Rh7+ 75. Kg3 Rf7 76. Qxd6+ Rf6 77. Qd5 Kg7 78.
Kg4 Rg6+ 79. Kf5 Rf6+ 80. Ke5 Rf2 81. Ke6 Re2+ 82. Kf5 Re7 83. Kg5 Rf7 84. Qd6
Kh8 85. Kg6 Rg7+ 86. Kf6 Kh7 87. Qh2+ Kg8 88. Qh5 Rg1 89. Qd5+ Kh7 90. Qd7+ Kh8
91. Qc8+ Kh7 92. Qc7+ Kg8 93. Qb8+ 1-0

[Event "22nd ch-EUR Indiv 2022"]
[Site "Terme Catez SLO"]
[Date "2022.04.06"]
[Round "11.98"]
[White "Juksta, Karolis"]
[Black "Roebers, Jan"]
[Result "1-0"]
[WhiteTitle "FM"]
[BlackTitle "FM"]
[WhiteElo "2378"]
[BlackElo "2156"]
[WhiteFideId "12809039"]
[BlackFideId "1007815"]
[EventDate "2022.03.27"]

1. d4 Nf6 2. c4 g6 3. Nc3 Bg7 4. e4 d6 5. Be2 O-O 6. Bg5 c5 7. d5 h6 8. Be3 e6
9. dxe6 Bxe6 10. Qd2 Kh7 11. h3 Nc6 12. Rd1 Qa5 13. Nf3 Nd7 14. O-O Nde5 15.
Nxe5 Nxe5 16. Nd5 Qxd2 17. Rxd2 Nc6 18. b3 Nd4 19. Nc7 Rac8 20. Bxd4 Bxd4 21.
Nb5 Be5 22. f4 Bg7 23. f5 gxf5 24. exf5 Bd7 25. f6 1-0